LEADER 03049nam 2200589 a 450 001 9910671454803321 005 20221108000734.0 010 $a1-5129-1418-5 035 $a(CKB)2510000000000558 035 $a(EBL)3175620 035 $a(SSID)ssj0001028753 035 $a(PQKBManifestationID)11621875 035 $a(PQKBTitleCode)TC0001028753 035 $a(PQKBWorkID)11028331 035 $a(PQKB)11204010 035 $a(MiAaPQ)EBC3175620 035 $a(OCoLC)1010574073 035 $a(FlNmELB)ELB52226 035 $a(EXLCZ)992510000000000558 100 $a20200806e20032008 || | 101 0 $aspa 135 $aur|n|---||||| 181 $ctxt 182 $cc 183 $acr 200 10$aResponsabilidad solidaria y el levantamiento del velo en la jurisdiccio?n social$b[recurso electronico]$fJaume Garci?a Vicente 210 $aBarcelona $cBosch Editor$d2003 215 $a1 online resource (181 p.) 300 $aDescription based upon print version of record. 311 $a84-7698-698-X 327 $aResponsabilidad solidaria y el levantamiento del velo en la jurisdiccio?n social; Pa?gina Legal; I?ndice; Libro I: parte general; Ti?tulo I: Clasificacio?n, y Cuestiones procesales; Capi?tulo I.- Clasificacio?n y caracteri?sticas; Capi?tulo II.- Elementos previos; Capi?tulo III.- Vi?as procesales; Capi?tulo IV.- Otros asuntos procesales, el litisconsorcio pasivo; Ti?tulo II: Caducidad, prescripcio?n.; Capi?tulo I.- Caducidad de la accio?n, en despido cuando se amplia la demanda contra otras personas habiendo vencido el plazo de los 20 di?as; Capi?tulo II.- La Prescripcio?n 327 $aCapi?tulo I.- Supuestos de Responsabilidad del Administrador basados en la L.S.A.Capi?tulo II.- A favor de la Competencia de la jurisdiccio?n Social, fase inicial; Capi?tulo III.- En contra de la Competencia de la jurisdiccio?n Social, fase inicial; Capi?tulo IV.- El T.S. zanja la cuestio?n de la competencia con argumentos contradictorios; Capi?tulo V.- La postura del T.S. conlleva en la pra?ctica que no se respete el privilegio de la deuda salarial, frente a la deuda ordinaria; Capi?tulo VI.- La postura del T.S. conlleva que la deuda salarial pierda instrumentos de garanti?a de cobro... 327 $aCapi?tulo III.- La sala de lo Civil del T.S. califica de culpa cuasi objetiva 606 $aResponsabilidad 606 $aCorporation law 606 $aLabor laws and legislation 606 $aCorreality and solidarity$zSpain 608 $aElectronic books. 610 $aA?mbito labotal 615 4$aResponsabilidad. 615 0$aCorporation law. 615 0$aLabor laws and legislation. 615 0$aCorreality and solidarity 700 $aGarci?a Vicente$b Jaume$01334937 712 02$ae-libro, Corp. 801 0$bMiAaPQ 801 1$bMiAaPQ 801 2$bMiAaPQ 906 $aBOOK 912 $a9910671454803321 996 $aResponsabilidad solidaria y el levantamiento del velo en la jurisdiccio?n social$93047679 997 $aUNINA